| 000 | 00756nam a2200205 i 4500 | ||
|---|---|---|---|
| 001 | 52851 | ||
| 003 | ES-MaACL | ||
| 005 | 20250727090820.0 | ||
| 007 | t| | ||
| 008 | 030905s1957 sp ||||1| spa d | ||
| 100 | 1 |
_aDegni, Francesco. _943223 |
|
| 245 | 1 | 3 |
_aLa compra-venta / _cFrancisco Degni ; traducción y notas de derecho español por Francisco Bonet Ramón. |
| 260 |
_aMadrid : _bRevista de Derecho Privado, _c1957. |
||
| 300 |
_aXV, 447 p. ; _c23 cm. |
||
| 490 | 1 |
_aMonografías fundamentales de derecho privado y público ; _v36 |
|
| 700 | 1 |
_aBonet Ramón, Francisco. _930135 |
|
| 830 | 0 | 0 |
_aMonografías fundamentales de derecho privado y público _v36 _9230222 |
| 852 |
_aES-MaACL _jC-11884 _bR.40030 |
||
| 999 |
_c52851 _d52851 |
||